000 01359cam a2200277 i 4500
003 DO-SdBNP
005 20240301180540.0
007 ta
008 751003s2017 sp 000 0 spa d
040 _aDO-SdBNP
_bspa
_cBNPHU
_erda
082 4 _a338.47306097281
_bP613g
_222
100 1 _aMarx, Karl,
_d1818-1883
_eautor
_930439
245 1 3 _aGuatemala :
_bun análisis de la contribución económica de la cultura /
_cErnesto Piedras.
264 1 _aGuatemala :
_bCultura,
_c2017.
300 _a150 páginas :
_bilustraciones ;
_c18 cm.
336 _2rdacontent
_atexto
_btxt
337 _2rdamedia
_asin mediación
_bn
338 _2rdacarrier
_avolumen
_bnc
490 1 _aEnsayo
_aEnsayo economía y cultura ;
_v2
504 _aBibliografía p: 23-27
505 _a Prólogo -- Agradecimientos -- Lo que aporta el sector cultura, a través de las industrias culturales, a la economía en Guatemala -- Metodologías para la medición de la contribución económica -- Metodología para Guatemala -- Valor Agregado de las industrias culturales -- Generación de empleo -- Comercio y cuentas con el exterior -- Conclusiones generales: hacia una política integral para la cultura -- Bibliografía.
590 _aInventariado, 2023/ DG
830 0 _aEconomia y cultura
_pEnsayo
_n2 ;
_984441
910 _aDG/Validado. Control de calidad MFF
942 _2ddc
_cLBS1
999 _c55113
_d55113